Césars du meilleur film - Statistiques

Statistiques générales
  • Ce quiz a été pris 143 fois
  • Le résultat moyen est 14 sur 42
Statistiques - réponses
Année Film % Correct
1976 Le Vieux Fusil
65%
2012 The Artist
62%
2010 Un prophète
57%
1991 Cyrano de Bergerac
56%
1981 Le Dernier Métro
56%
1996 La Haine
49%
2002 Le Fabuleux Destin d'Amélie Poulain
44%
2003 Le Pianiste
43%
2006 De battre mon coeur s'est arrêté
42%
2013 Amour
41%
2008 La Graine et le Mulet
41%
1997 Ridicule
38%
1993 Les Nuits fauves
34%
1992 Tous les matins du monde
34%
2005 L'Esquive
33%
1998 On connait la chanson
33%
2000 Vénus Beauté (Institut)
33%
2001 Le Goût des autres
32%
2014 Les Garçons et Guillaume, à table !
32%
1985 Les Ripoux
32%
1977 Monsieur Klein
32%
1986 Trois hommes et un couffin
32%
1989 Camille Claudel
31%
1999 La Vie rêvée des anges
31%
2015 Timbuktu
31%
1983 La Balance
30%
1994 Smoking/No Smoking
30%
1990 Trop belle pour toi
29%
2011 Des hommes et des dieux
27%
1988 Au revoir les enfants
26%
2009 Séraphine
26%
1995 Les Roseaux sauvages
25%
1980 Tess
25%
2017 Elle
24%
1982 La Guerre du feu
24%
1984 Le Bal
24%
2016 Fatima
23%
2004 Les Invasions barbares
23%
1978 Providence
23%
1987 Thérèse
22%
2007 Lady Chatterley
20%
1979 L'Argent des autres
18%
Aucun quiz correspondant
Distribution des résultats
% des personnes avec chaque résultat
Percentile par nombre de réponses
Votre historique - résultats
Vous n’avez pas pris ce quiz